Poesía elegíaca española

保存先:
書誌詳細
フォーマット: 図書
言語:Undetermined
出版事項: Salamanca, España Anaya 1967
主題:
タグ: タグ追加
タグなし, このレコードへの初めてのタグを付けませんか!

MARC

LEADER 00000nam a2200000Ia 4500
008 170316s9999 xx 000 0 und d
040 |a cru BVZT 
090 |a A-862 P-1p 
245 |a Poesía elegíaca española 
260 |a Salamanca, España 
260 |b Anaya 
260 |c 1967 
300 |a 173 páginas 
650 |a LITERATURA ESPAÑOLA 
650 |a ANTOLOGÍA 
999 |c 12583  |d 12583 
942 |c 15 D  |h A-862 P-1p  |2 z